| 000 | 00549nam a2200205 i 4500 | ||
|---|---|---|---|
| 001 | bg | ||
| 100 | 1 | _aGOLDSTEIN, Herbert | |
| 245 | 0 |
_aKlassiceskaja mechanika / _cHerbert Goldstein ; Perev. s ang. |
|
| 250 | _aIzd. 2. | ||
| 260 |
_aMoskva : _bIzdat. "Nauka", _c1975. |
||
| 300 |
_as. 415 : _brys. |
||
| 500 | _a[Na k. tyt. aut.] : G. Goldstejn. | ||
| 500 | _a[Alf. ros.]. | ||
| 504 | _a[Zawiera bibliogr. s. 402-405]. | ||
| 040 | _cBPK | ||
| 041 | _apol | ||
| 080 | _a531/534 | ||
| 942 | _cKS | ||
| 008 | s pl f |000 0 pol | ||
| 999 |
_c16192 _d16192 |
||
| 856 |
_uhttp://koha.tu.koszalin.pl/cgi-bin/koha/opac-detail.pl?biblionumber=16192 _yKatalog online BPK |
||